Vybrané aspekty politiky cestovného ruchu v Slovenskej republike
Vývoj cestovného ruchu na Slovensku v roku 2005 - priaznivé výsledky. Politika cestovného ruchu. Význam vstupu Slovenska do EÚ pre rozvoj cestovného ruchu. Inštitucionálny systém rozvoja cestovného ruchu v Slovenskej republike. Cestovný ruch na línii štátnej správy a línii územnej samosprávy. Miestn...
Enregistré dans:
| Auteur principal: | |
|---|---|
| Format: | Chapitre de livre |
| Langue: | slovaque |
| Sujets: | |
| Tags: |
Pas de tags, Soyez le premier à ajouter un tag!
|
MARC
| LEADER | 00000naa$a2200000$$$4500 | ||
|---|---|---|---|
| 001 | 0052048 | ||
| 005 | 20240502071615.5 | ||
| 041 | 0 | |a slo | |
| 044 | |a SK | ||
| 245 | 1 | 0 | |a Vybrané aspekty politiky cestovného ruchu v Slovenskej republike |c Peter Trefil |
| 520 | |a Vývoj cestovného ruchu na Slovensku v roku 2005 - priaznivé výsledky. Politika cestovného ruchu. Význam vstupu Slovenska do EÚ pre rozvoj cestovného ruchu. Inštitucionálny systém rozvoja cestovného ruchu v Slovenskej republike. Cestovný ruch na línii štátnej správy a línii územnej samosprávy. Miestna, regionálna a národná úroveň cestovného ruchu. | ||
| 610 | 2 | 0 | |a ruch cestovný |
| 610 | 2 | 0 | |a politika ruchu cestovného |
| 610 | 2 | 0 | |a správa štátna |
| 610 | 2 | 0 | |a samospráva |
| 610 | 2 | 0 | |a inštitúcia |
| 610 | 2 | 0 | |a Slovensko |
| 100 | 1 | |a Trefil, Peter | |